रामायण - महाभारत: (Record no. 1466711)
[ view plain ]
| 000 -LEADER | |
|---|---|
| fixed length control field | 01124 a2200253 4500 |
| 005 - DATE AND TIME OF LATEST TRANSACTION | |
| control field | 20260323122059.0 |
| 008 - FIXED-LENGTH DATA ELEMENTS--GENERAL INFORMATION | |
| fixed length control field | 260323b |||||||| |||| 00| 0 eng d |
| 020 ## - INTERNATIONAL STANDARD BOOK NUMBER | |
| International Standard Book Number | 9788126314751 (hbk) |
| 037 ## - SOURCE OF ACQUISITION | |
| Terms of availability | TB |
| 040 ## - CATALOGING SOURCE | |
| Original cataloging agency | CRL |
| Transcribing agency | CRL |
| 041 ## - LANGUAGE CODE | |
| Source of code | hin |
| Language code of text/sound track or separate title | hin |
| Language code of original | san |
| 084 ## - COLON CLASSIFICATION NUMBER | |
| Classification number | O15,1A1 152Q6 |
| Assigning agency | CRL |
| 100 ## - MAIN ENTRY--PERSONAL NAME | |
| Personal name | पोद्दार, वासुदेव |
| 9 (RLIN) | 860742 |
| 245 ## - TITLE STATEMENT | |
| Title | रामायण - महाभारत: |
| Remainder of title | काल, इतिहास, सिद्धान्त |
| 250 ## - EDITION STATEMENT | |
| Edition statement | संस्करण 4 |
| 260 ## - PUBLICATION, DISTRIBUTION, ETC. | |
| Place of publication, distribution, etc. | दिल्ली, भारत: |
| Name of publisher, distributor, etc. | भारतीय ज्ञानपीठ, |
| Date of publication, distribution, etc. | 2016. |
| 300 ## - PHYSICAL DESCRIPTION | |
| Extent | 282पृ. |
| 365 ## - TRADE PRICE | |
| Price amount | 300.00 |
| Currency code | INR |
| 490 ## - SERIES STATEMENT | |
| Series statement | लोकोदय ग्रंथमाला: ग्रंथांक 842 |
| 650 ## - SUBJECT ADDED ENTRY--TOPICAL TERM | |
| Topical term or geographic name entry element | संस्कृत काव्य |
| 650 ## - SUBJECT ADDED ENTRY--TOPICAL TERM | |
| Topical term or geographic name entry element | रामायण - महाभारत |
| 9 (RLIN) | 1137590 |
| 942 ## - ADDED ENTRY ELEMENTS (KOHA) | |
| Koha item type | Textbook |
| Source of classification or shelving scheme | Colon Classification (CC) |
| Edition | संस्करण 4 |
| Classification part | O15,1A1 152Q6 |
| Withdrawn status | Lost status | Source of classification or shelving scheme | Damaged status | Not for loan | Home library | Current library | Date acquired | Source of acquisition | Cost, normal purchase price | Inventory number | Total Checkouts | Full call number | Barcode | Date last seen | Cost, replacement price | Price effective from | Koha item type |
|---|---|---|---|---|---|---|---|---|---|---|---|---|---|---|---|---|---|
| Colon Classification (CC) | Central Library | Central Library | 2026-01-15 | 76/ वाणी प्रकाशन | 240.00 | 477 & 2026-01-12 | O15,1A1 152Q6 | CL1925363 | 2026-01-15 | 300.00 | 2026-01-15 | Textbook |
